| 000 | 00630cam a22001697a 4500 | ||
|---|---|---|---|
| 008 | 180718b1963 xxu||||| |||| 00| 0 eng d | ||
| 082 | _aB5x8 Sch56 | ||
| 100 | _aSchmitt, Karl Michael | ||
| 245 |
_aEvolution or Chos;dynamics of Latin American government and politics _cby Karl Michael Schmitt and David D. Burks |
||
| 260 |
_aNew York _bPraeger _c1963 |
||
| 300 | _axii, 308p | ||
| 650 | _aUnited States --Relations --Latin America. | ||
| 650 | _aLatin America --Relations --United States | ||
| 650 | _aLatin America --Social conditions | ||
| 650 | _aLatin America --Politics and government --1948 | ||
| 700 | _aBurks, David D | ||
| 999 |
_c422033 _d422033 |
||